Carlos Mérida : un artista integral /
Obra que recupera las características de la obra artística de Carlos Mérida, tanto en el campo de la danza como de la pintura. En ese proceso da cuenta, también, de las aportaciones de Mérida al arte mexicano y al arte en general.
Kaydedildi:
| Yazar: | |
|---|---|
| Materyal Türü: | Kitap |
| Dil: | İspanyolca |
| Baskı/Yayın Bilgisi: |
México :
CONACULTA,
1997, c1996
|
| Seri Bilgileri: | (Círculo de Arte)
|
| Konular: | |
| Etiketler: |
Etiket eklenmemiş, İlk siz ekleyin!
|
MARC
| LEADER | 00000nam^a2200000^a^4500 | ||
|---|---|---|---|
| 001 | 000110010 | ||
| 005 | 20250521000000.0 | ||
| 009 | 20260310093743.424 | ||
| 020 | |a 968-29-8927-2 | ||
| 037 | |a Acervo ITESO - Biblioteca | ||
| 041 | |a ESP | ||
| 082 | |a 709. 72 |b CIR V. 1 | ||
| 100 | |a Espinosa Campos, Eduardo |e (autor) | ||
| 245 | 1 | 0 | |a Carlos Mérida : |b un artista integral / |c E. Espinosa Campos. |
| 264 | 4 | |a México : |b CONACULTA, |c 1997, c1996 | |
| 300 | |a 31 p. | ||
| 336 | |a texto |b txt |2 rdacontenido | ||
| 337 | |a sin mediación |b n |2 rdamedio | ||
| 338 | |a volumen |b nc |2 rdasoporte | ||
| 440 | 1 | |a (Círculo de Arte) | |
| 520 | |a Obra que recupera las características de la obra artística de Carlos Mérida, tanto en el campo de la danza como de la pintura. En ese proceso da cuenta, también, de las aportaciones de Mérida al arte mexicano y al arte en general. | ||
| 649 | |a XX | ||
| 650 | |a Pintores Mexicanos | ||
| 650 | |a Pintura Mexicana - |y Siglo XX | ||
| 650 | |a Danza Mexicana - |y Siglo XX | ||
| 650 | |a Arte Mexicano | ||
| 650 | |a Mérida, Carlos | ||
| 910 | |a Fondo General | ||
| 920 | |a Impresos - Libros | ||
| 930 | |a Colección General | ||
| 905 | |a 101 | ||
| 901 | |a 0500046580 |b IT1 |c ACC |u 20250521 | ||
| 902 | |a https://opac.biblio.iteso.mx/vufind/Record/000110010 | ||